000 00353nam a2200169Ia 4500
008 191121s9999||||xx |||||||||||||| ||und||
020 _a9280110292
040 _aIMU-MPC
082 _aColumn-5
100 _aIMO
245 0 _aResolutions and Other Decisions
260 _aLondon
260 _bIMO
260 _c1974
300 _a260
942 _cBK
999 _c2143
_d2143